Offshoring information technology (Record no. 4167)

MARC details
000 -LEADER
fixed length control field 00617 a2200181 4500
000 - LEADER
fixed length control field BKB
001 - CONTROL NUMBER
control field 070739
005 - DATE AND TIME OF LATEST TRANSACTION
control field 20200902150857.0
008 - FIXED-LENGTH DATA ELEMENTS--GENERAL INFORMATION
fixed length control field
082 ## - DEWEY DECIMAL CLASSIFICATION NUMBER
Classification number 338.47
Item number C21O
100 1# - MAIN ENTRY--PERSONAL NAME
Personal name Carmel, Erran
245 1# - TITLE STATEMENT
Title Offshoring information technology
Statement of responsibility, etc by Erran Carmel and Paul Tjia
260 ## - PUBLICATION, DISTRIBUTION, ETC. (IMPRINT)
Place of publication, distribution, etc UK
Name of publisher, distributor, etc Cambridge University Press
Date of publication, distribution, etc 2005
300 ## - PHYSICAL DESCRIPTION
Extent 282p.
690 ## - LOCAL SUBJECT ADDED ENTRY--TOPICAL TERM (OCLC, RLIN)
Topical term or geographic name as entry element Computer software--Development--Management; Contracting out--Management; Computer software industry; Information technology--Management
700 ## - ADDED ENTRY--PERSONAL NAME
Personal name Tjia, Paul
Numeration
Titles and other words associated with a name
964 ## -
--
-- ENG
--
--
--
--
--
Holdings
Withdrawn status Lost status Damaged status Not for loan Home library Current library Date acquired Cost, normal purchase price Total Checkouts Full call number Barcode Date last seen Price effective from Koha item type
        Central University Of Rajasthan Central University Of Rajasthan 07/03/2012 3276.90   338.47 C21O 5026 21/11/2024 02/09/2020 Books